000 00501nam a2200181Ia 4500
001 1866
005 20260306143800.0
008 260306t2020||||xx |||||||||||||| ||spa||
041 _aESP
082 _a155.937
_bO71
100 _aOrozco Gómez, Ángela María,
_eAUT
245 0 _aGuía de intervención psicológica para pacientes con enfermedades crónicas no transmisibles
260 _c2020
300 _a159 páginas :
_c24 cm.
650 _aGEN
654 _aCPS
942 _cLIB
_dJUS
_fJUS
_2ddc
_n
999 _c1866
_d1866